• 首页
  • 本馆介绍
  • 公告通知
  • 最新文献
  • 馆藏检索
  • 电子资源
  • 读者导购
  • 参考咨询
  • 我的图书馆
  • 登录
  • 详细信息显示
  • 放入我的书架
  • 预约/预借图书
  • 作者相关作品
  • 分类相关作品
  • 丛书相关作品
  • 出版社相关作品

书目信息

  • 表格格式
  • 工作单格式
  • 卡片格式
题名:
启蒙主义教育思想与论著选读
    
 
作者: 冯克诚 主编
分册: 上  
出版信息: 北京   人民武警出版社  2010
页数: 315页
开本: 22cm
丛书名: 中外教育名家名著精读丛书
单 册:
中图分类: G40-091.5
科图分类:
主题词: 启蒙主义--教育思想--欧洲 , 启蒙主义
电子资源:
ISBN: 978-7-80176-440-9
000 00878oam2 2200265 45
001 1237588575
005 20120618100318.73
010    @a978-7-80176-440-9@dCNY39.80(全2册79.60)
100    @a20120408e20112010ekmy0chiy0120 ea
101 0  @achi
102    @aCN@b110000
105    @aa z 000yy
106    @ar
200 1  @a启蒙主义教育思想与论著选读@AQi Meng Zhu Yi Jiao Yu Si Xiang Yu Lun Zhu Xuan Dou@h上@HShang@f冯克诚主编@FFeng Ke Cheng Zhu Bian
210    @a北京@c人民武警出版社@d2010@h2011
215    @a315页@d22cm
225 2  @a中外教育名家名著精读丛书
330    @a全套分中国卷20种外国卷20种,共40种,同时出齐。
461 0  @12001 @a中外教育名家名著精读丛书
606 0  @a启蒙主义@x教育思想@y欧洲
606 0  @a启蒙主义
690    @aG40-091.5@v4
701  0 @a冯克诚@AFeng Ke Cheng@4主编
801  0 @aCN@bTSTCL@c20120604
905    @b0817015-18@dG40-091.5@e581:1@f4
    
    启蒙主义教育思想与论著选读.上/冯克诚主编.-北京:人民武警出版社,2010(2011)
    315页;22cm.-(中外教育名家名著精读丛书)
    
    
    ISBN 978-7-80176-440-9:CNY39.80(全2册79.60)
    全套分中国卷20种外国卷20种,共40种,同时出齐。
●
相关链接 在E读中查询图书 在五车中查询图书 在当当中查询图书 在豆瓣中查询图书


正题名:启蒙主义教育思想与论著选读     索取号:G40-091.5/581:1         预约/预借

序号 登录号 条形码 馆藏地/架位号 状态 备注
1 0817015   208170156   第一样本阅览室/ [索取号:G40-091.5/581:1] 在馆    
2 0817016   208170165   第四借阅区/ [索取号:G40-091.5/581:1] 在馆    
3 0817017   208170174   第四借阅区/ [索取号:G40-091.5/581:1] 在馆    
4 0817018   208170183   第四借阅区/ [索取号:G40-091.5/581:1] 在馆    
唐山师范学院图书馆 欢迎您!
大连网信软件有限公司© 版权所有